Statistics for Countries Closest to Florida - 15 Second Sprint

Click here to take the quiz!

General Stats

  • This quiz has been taken 21 times
  • The average score is 5 of 20

Answer Stats

kmcountrymiles% Correct
154Cuba96
100%
83Bahamas51
78%
619Mexico385
67%
927Haiti576
61%
756Jamaica470
56%
1215Canada755
50%
945Belize587
28%
1066Dominican Republic663
22%
1069Guatemala664
17%
1666Panama1035
17%
1363El Salvador847
11%
988Honduras614
11%
1670Colombia1038
6%
1073Nicaragua666
6%
1764Aruba1096
0%
1536Costa Rica955
0%
1843Curaçao1145
0%
1946Sint Maarten1209
0%
2007St Kitts and Nevis1247
0%
1736Venezuela1079
0%

Score Distribution

Percentile by Number Answered

Percent of People with Each Score

Your Score History

You have not taken this quiz